Soil : How to conserve the soil (Record no. 40892)

MARC details
000 -LEADER
fixed length control field 00308nam a2200121Ia 4500
082 ## - DEWEY DECIMAL CLASSIFICATION NUMBER
Classification number 631.459:631.61
Item number FAO
245 #0 - TITLE STATEMENT
Title Soil : How to conserve the soil
250 ## - EDITION STATEMENT
Edition statement Rev.Ed.2
260 ## - PUBLICATION, DISTRIBUTION, ETC. (IMPRINT)
Place of publication Rome
Name of publisher FAO
Year of publication 1976
490 ## - SERIES STATEMENT
Series statement Better farming series 5
942 ## - ADDED ENTRY ELEMENTS (KOHA)
Koha item type Books
Holdings
Withdrawn status Lost status Damaged status Not for loan Home library Current library Date acquired Cost, normal purchase price Full call number Accession Number Koha item type
        RRII Library RRII Library 16/12/2021 4.00 631.459:631.61 FAO 21185 Books